000 00609nam a2200241Ia 4500
003 OSt
005 20220924142103.0
006 a|||||r|||| 00| 0
007 ta
008 220923b |||||||| |||| 00| 0 ben d
020 _a8172155174 (pbk)
024 _a300338
037 _cTextual
040 _aARTS
_cARTS
_bben
041 _2ben
_aben
082 _aV2:25wM97, 157L5
100 _aSengupta Barun
_9212884
245 0 _aNetajir antardhan rahasya
260 _c1975
650 _aHISTORY
942 _hV2:25wM97, 157L5
_cTEXL
_2CC
999 _c449227
_d449227